| 000 | 00810nam a22002177a 4500 | ||
|---|---|---|---|
| 003 | NALT | ||
| 005 | 20251125232936.0 | ||
| 008 | s2535 th tha d | ||
| 040 | _aNALT | ||
| 041 | _atha | ||
| 050 | _aDS586 ส658 2535 | ||
| 245 | 1 | 0 | _aสายธารประชาชน |
| 260 | 3 |
_a[กรุงเทพฯ] : _bสมาพันธ์ประชาธิปไตย, _c2535 |
|
| 300 |
_a91 หน้า : _b ภาพประกอบ |
||
| 650 | 0 | 4 | _aเหตุการณ์พฤษภาคม 2535 |
| 650 | 0 | 4 | _aสมาพันธ์ประชาธิปไตย -- ประวัติ |
| 850 | _aNALT | ||
| 856 | 4 | 0 | _uhttps://hdl.handle.net/20.500.14156/386568 |
| 942 |
_cGB _2lcc |
||
| 999 |
_c40632 _d40632 |
||
| 998 |
_j109 _k อารีรัตน์ วิชาช่าง |
||